Fix It!: Play Titles - Statistics

General Stats
  • This quiz has been taken 6 times
  • The average score is 8 of 15
Answer Stats
Hint Answer % Correct
A Streetcar Named Stella A Streetcar Named Desire
100%
Romeo and Rosaline Romeo and Juliet
100%
Dog on a Silver Roof Cat On A Hot Tin Roof
83%
Death of an Associate Death of a Salesman
83%
Importance of Being Sober Importance of Being Earnest
83%
Steel Flowers Steel Magnolias
83%
Who's Afraid of the Big Bad Woolf? Who's Afraid of Virginia Woolf?
83%
Rosencrantz and Guildenstern are Scared Rosencrantz and Guildenstern are Dead
50%
Angels in Spain Angels in America
33%
Your City Our Town
33%
The Test The Crucible
33%
A Barbie's House A Doll's House
17%
M. Ladybug M. Butterfly
0%
The Light at the End of the Hallway The Dark at the Top of the Stairs
0%
The Orange Juice Train Comes All The Time The Milk Train Doesn't Stop Here Anymore
0%
No matching quizzes found
Score Distribution
Percent of People with Each Score
Percentile by Number Answered
Your Score History
You have not taken this quiz